[Event "ESP-chT CECLUB Honor"]
[Site "Linares"]
[Date "2023.09.17"]
[Round "2.3"]
[White "Franco Alonso, Alejandro"]
[Black "Cuenca Jimenez, Jose Fernando"]
[Result "1/2-1/2"]
[WhiteElo "2421"]
[BlackElo "2500"]
[PlyCount "60"]
[EventDate "2023.09.16"]
[EventType "team-tourn"]
[EventRounds "7"]
[EventCountry "ESP"]
[SourceTitle "EXT 2024"]
[Source "ChessBase"]
[SourceDate "2023.10.10"]
[SourceVersion "1"]
[SourceVersionDate "2023.10.10"]
[SourceQuality "1"]
[WhiteTeam "Taldea Gros Xake"]
[BlackTeam "Costa Calida"]
[WhiteTeamCountry "ESP"]
[BlackTeamCountry "ESP"]

1. Nf3 d5 2. g3 c5 3. Bg2 Nf6 4. 0-0 e6 5. c4 d4 6. e3 Nc6 7. exd4 cxd4 8. d3 Bd6 9. Bg5 h6 10. Bxf6 Qxf6 11. Nbd2 Qd8 12. a3 a5 13. Ne1 e5 14. Nc2 0-0 15. Rb1 a4 16. b4 axb3 17. Rxb3 Qa5 18. Qe2 Qa4 19. Rfb1 Ra7 20. Ne4 Be7 21. Rb5 Ra5 22. R5b2 Rd8 23. Nd2 Bf8 24. Nb4 Qxa3 25. Bxc6 Bxb4 26. Rb3 Qa2 27. R3b2 Qa3 28. Rb3 Qa2 29. R3b2 Qa3 30. Rb3 Qa2 1/2-1/2

[Event "ESP-chT CECLUB Honor"]
[Site "Linares"]
[Date "2023.09.16"]
[Round "1.3"]
[White "Fier, Alexandr"]
[Black "Franco Alonso, Alejandro"]
[Result "1-0"]
[WhiteElo "2592"]
[BlackElo "2421"]
[PlyCount "99"]
[EventDate "2023.09.16"]
[EventType "team-tourn"]
[EventRounds "7"]
[EventCountry "ESP"]
[SourceTitle "EXT 2024"]
[Source "ChessBase"]
[SourceDate "2023.10.10"]
[SourceVersion "1"]
[SourceVersionDate "2023.10.10"]
[SourceQuality "1"]
[WhiteTeam "Casablanca MyInvestor"]
[BlackTeam "Taldea Gros Xake"]
[WhiteTeamCountry "ESP"]
[BlackTeamCountry "ESP"]

1. d4 Nf6 2. c4 e6 3. g3 d5 4. Nf3 Bb4+ 5. Bd2 Be7 6. Bg2 0-0 7. 0-0 c6 8. Qc2 Nbd7 9. a4 a5 10. Na3 Ne4 11. Be3 f5 12. Ne1 Nb8 13. Nd3 Na6 14. Qb3 Kh8 15. Rad1 Bd7 16. f3 Nf6 17. Bf4 c5 18. cxd5 Nxd5 19. Be5 Qe8 20. Nb5 Ne3 21. Nxc5 Nxf1 22. Nxb7 Bc6 23. N7d6 Qd7 24. Rxf1 Bxd6 25. Nxd6 Bxa4 26. Qa3 Nb4 27. Rc1 Bb5 28. Nxb5 Qxb5 29. Rc7 Rg8 30. Bf1 Qb6 31. Qa4 Ra7 32. Rc5 h6 33. Rb5 Qa6 34. e3 Rb7 35. Rxa5 Qc6 36. Qd1 Nd5 37. Qd2 Nf6 38. e4 Rf8 39. d5 Qd7 40. exf5 exd5 41. g4 Qe7 42. Bd4 Re8 43. Ra6 Qe1 44. Qf4 Re2 45. Rxf6 gxf6 46. Qxh6+ Kg8 47. Qg6+ Rg7 48. Qxf6 Rge7 49. Qh8+ Kf7 50. f6 1-0

[Event "ESP-chT CECLUB Div1"]
[Site "Sanxenxo"]
[Date "2022.09.18"]
[Round "2.1"]
[White "Adla, Diego Gustavo"]
[Black "Franco Alonso, Alejandro"]
[Result "0-1"]
[WhiteElo "2393"]
[BlackElo "2432"]
[PlyCount "120"]
[EventDate "2022.09.17"]
[EventType "team-tourn"]
[EventRounds "7"]
[EventCountry "ESP"]
[SourceTitle "CBM 210 Extra"]
[Source "ChessBase"]
[SourceDate "2022.11.30"]
[SourceVersion "1"]
[SourceVersionDate "2022.11.30"]
[SourceQuality "1"]
[WhiteTeam "Myinvestor Casablanca"]
[BlackTeam "Taldea Gros Xake"]
[WhiteTeamCountry "ESP"]
[BlackTeamCountry "ESP"]

1. c4 e5 2. Nc3 Nf6 3. Nf3 Nc6 4. e4 Bb4 5. d3 d6 6. Be2 Bc5 7. Nd2 Ng4 8. Bxg4 Qh4 9. g3 Qxg4 10. Qxg4 Bxg4 11. h3 Be6 12. Nb3 0-0-0 13. Ke2 f5 14. Be3 b6 15. f3 Rhf8 16. Nxc5 dxc5 17. g4 fxe4 18. fxe4 Nd4+ 19. Bxd4 cxd4 20. Nb1 h5 21. gxh5 Bf7 22. Nd2 Bxh5+ 23. Ke1 Rf4 24. Rg1 Rdf8 25. Rg5 g6 26. Rg2 Rh4 27. Rg3 g5 28. Nf1 Rf3 29. Rxf3 Bxf3 30. Rc1 Rxh3 31. Rc2 Kd7 32. Rh2 Rxh2 33. Nxh2 Bh5 34. Nf1 Ke7 35. Ng3 Bg4 36. Kd2 Kf6 37. Ke1 Kg6 38. Kf2 Bd1 39. Nf5 Bc2 40. Ke2 g4 41. Ne7+ Kg5 42. Nc6 Kf4 43. Nb4 Bb1 44. Nd5+ Kg3 45. Nxc7 Kh2 46. Ne6 g3 47. Ng5 g2 48. Nf3+ Kg3 49. Ng1 Bxa2 50. b4 a5 51. c5 bxc5 52. bxa5 Be6 53. a6 Bc8 54. a7 Bb7 55. Ke1 Ba8 56. Ke2 c4 57. dxc4 Bxe4 58. Ke1 Ba8 59. Ke2 e4 60. Ke1 d3 0-1

[Event "ESP-chT CECLUB Honor"]
[Site "Toledo"]
[Date "2021.10.17"]
[Round "7.1"]
[White "Franco Alonso, Alejandro"]
[Black "Del Rio de Angelis, Salvador Gabriel"]
[Result "1/2-1/2"]
[WhiteElo "2407"]
[BlackElo "2503"]
[PlyCount "44"]
[EventDate "2021.10.11"]
[EventType "team-tourn"]
[EventRounds "7"]
[EventCountry "ESP"]
[SourceTitle "CBM 204 Extra"]
[Source "ChessBase"]
[SourceDate "2021.11.30"]
[SourceVersion "1"]
[SourceVersionDate "2021.11.30"]
[SourceQuality "1"]
[WhiteTeam "Taldea Gros Xake"]
[BlackTeam "Sestao Hotel Naval"]
[WhiteTeamCountry "ESP"]
[BlackTeamCountry "ESP"]

1. Nf3 e6 2. g3 Nf6 3. Bg2 d5 4. 0-0 Be7 5. c4 0-0 6. d4 c6 7. Qc2 b6 8. Nbd2 c5 9. dxc5 bxc5 10. cxd5 exd5 11. e4 Nc6 12. a3 Bg4 13. exd5 Qxd5 14. Re1 Qh5 15. b4 Rac8 16. b5 Nd4 17. Nxd4 cxd4 18. Qd3 Bf5 19. Qf3 Bg4 20. Qd3 Bf5 21. Qf3 Bg4 22. Qd3 Bf5 1/2-1/2

[Event "Gipuzkoa-ch A"]
[Site "Azpeitia"]
[Date "2019.11.23"]
[Round "6"]
[White "Ros Eskisabel, Jose Ramon"]
[Black "Franco Alonso, Alejandro"]
[Result "1/2-1/2"]
[WhiteElo "2098"]
[BlackElo "2384"]
[PlyCount "34"]
[EventDate "2019.10.19"]
[EventType "swiss"]
[EventRounds "7"]
[EventCountry "ESP"]
[SourceTitle "EXT 2024"]
[Source "ChessBase"]
[SourceDate "2023.10.10"]
[SourceVersion "1"]
[SourceVersionDate "2023.10.10"]
[SourceQuality "1"]

1. e4 c5 2. Nf3 e6 3. d4 cxd4 4. Nxd4 Nc6 5. Nc3 d6 6. Be3 Nf6 7. Qe2 e5 8. Nb3 Be7 9. 0-0-0 0-0 10. f3 Be6 11. g4 Na5 12. Nxa5 Qxa5 13. g5 Nh5 14. Qb5 Qc7 15. Nd5 Bxd5 16. Qxd5 Rac8 17. Qb3 Nf4 1/2-1/2

[Event "ESP-chT CECLUB Honor"]
[Site "Linares"]
[Date "2019.10.02"]
[Round "3.2"]
[White "Franco Alonso, Alejandro"]
[Black "Llorente Zaro, Alfonso"]
[Result "1-0"]
[WhiteElo "2389"]
[BlackElo "2447"]
[PlyCount "129"]
[EventDate "2019.09.30"]
[EventType "team-tourn"]
[EventRounds "7"]
[EventCountry "ESP"]
[SourceTitle "EXT 2020"]
[Source "ChessBase"]
[SourceDate "2019.10.17"]
[SourceVersion "1"]
[SourceVersionDate "2019.10.17"]
[SourceQuality "1"]
[WhiteTeam "Taldea Gros Xake"]
[BlackTeam "Jaime Casas"]
[WhiteTeamCountry "ESP"]
[BlackTeamCountry "ESP"]

1. Nf3 Nf6 2. c4 e6 3. g3 b6 4. Bg2 Bb7 5. 0-0 Be7 6. d4 0-0 7. Bf4 d5 8. Ne5 Nbd7 9. Nc3 c6 10. Re1 Nh5 11. Bd2 Nhf6 12. Bf4 Nh5 13. Bd2 Nhf6 14. e4 dxc4 15. Nxc4 b5 16. Ne3 Qb6 17. e5 Nd5 18. Qg4 Nxc3 19. bxc3 Kh8 20. a4 a6 21. Rab1 c5 22. Nd5 Qc6 23. Nf4 Qc7 24. axb5 Bxg2 25. Nxg2 Nb6 26. bxa6 Rxa6 27. Nf4 Nc4 28. Nh5 Rg8 29. Bg5 Bxg5 30. Qxg5 h6 31. Qg4 Rb6 32. Rxb6 Nxb6 33. Rb1 Nd5 34. Qf3 cxd4 35. cxd4 Rd8 36. Qg4 g6 37. Nf4 Qc2 38. Rf1 Kh7 39. Nxd5 Rxd5 40. Qf4 Qf5 41. Qxf5 gxf5 42. Rd1 Kg6 43. f4 f6 44. Kf2 fxe5 45. fxe5 Ra5 46. Rc1 Ra2+ 47. Ke3 Rxh2 48. Rc6 Kf7 49. Rc7+ Kf8 50. d5 exd5 51. e6 Rg2 52. Kf4 d4 53. Ke5 Rxg3 54. Kf6 Rc3 55. Rh7 Kg8 56. Rg7+ Kh8 57. Rd7 f4 58. e7 Re3 59. Rd8+ Kh7 60. e8Q Rxe8 61. Rxe8 f3 62. Re7+ Kg8 63. Kg6 Kf8 64. Rf7+ Ke8 65. Rxf3 1-0

[Event "Budapest FS09 GM"]
[Site "Budapest"]
[Date "2019.09.16"]
[Round "8"]
[White "Raja, Harshit"]
[Black "Franco Alonso, Alejandro"]
[Result "1/2-1/2"]
[WhiteElo "2443"]
[BlackElo "2389"]
[PlyCount "76"]
[EventDate "2019.09.07"]
[EventType "tourn"]
[EventRounds "9"]
[EventCountry "HUN"]
[EventCategory "7"]
[SourceTitle "EXT 2020"]
[Source "ChessBase"]
[SourceDate "2019.10.17"]
[SourceVersion "1"]
[SourceVersionDate "2019.10.17"]
[SourceQuality "1"]

1. e4 e5 2. Nf3 Nc6 3. Bb5 Nf6 4. 0-0 Nxe4 5. Re1 Nd6 6. Nxe5 Be7 7. Bf1 Nf5 8. Nf3 0-0 9. d4 d5 10. c3 Bd6 11. Na3 a6 12. Nc2 Re8 13. g3 Rxe1 14. Ncxe1 Nce7 15. Nd3 c6 16. Bd2 Ng6 17. Qb3 Qc7 18. Re1 Nfe7 19. Nde5 Nxe5 20. Nxe5 Be6 21. Nd3 Re8 22. Bf4 Bxf4 23. Nxf4 Ng6 24. Nd3 Re7 25. a4 Bc8 26. Rxe7 Nxe7 27. Qa3 a5 28. b4 Qd6 29. Qb2 axb4 30. Nxb4 Qc7 31. Nd3 b6 32. Qb4 Ba6 33. Ne5 Bxf1 34. Kxf1 Ng6 35. Nd3 Ne7 36. c4 dxc4 37. Qxc4 Qc8 38. Nb4 g6 1/2-1/2

[Event "ESP-chT CECLUB Div1"]
[Site "Linares"]
[Date "2018.08.08"]
[Round "3.1"]
[White "Franco Alonso, Alejandro"]
[Black "Gascon del Nogal, Jose Rafael"]
[Result "1/2-1/2"]
[WhiteElo "2410"]
[BlackElo "2476"]
[PlyCount "153"]
[EventDate "2018.08.06"]
[EventType "team-tourn"]
[EventRounds "7"]
[EventCountry "ESP"]
[SourceTitle "CBM 185 Extra"]
[Source "ChessBase"]
[SourceDate "2018.07.29"]
[SourceVersion "1"]
[SourceVersionDate "2018.07.29"]
[SourceQuality "1"]
[WhiteTeam "Taldea Gros Xake"]
[BlackTeam "Collado Villalba"]
[WhiteTeamCountry "ESP"]
[BlackTeamCountry "ESP"]

1. Nf3 Nf6 2. c4 e6 3. g3 d5 4. d4 Bb4+ 5. Bd2 Be7 6. Bg2 0-0 7. 0-0 Nbd7 8. Qc2 Ne4 9. Bf4 c6 10. Nfd2 g5 11. Nxe4 gxf4 12. Ned2 fxg3 13. hxg3 f5 14. Nc3 Nf6 15. e3 Qe8 16. Ne2 Bd6 17. Nf4 Bd7 18. a3 Rf7 19. Bf3 Rg7 20. Kg2 Qb8 21. Ne2 Ne4 22. Bxe4 fxe4 23. Rh1 Qd8 24. Nf4 Bxf4 25. exf4 Qf6 26. Qc3 Qxf4 27. Qe3 e5 28. cxd5 cxd5 29. dxe5 Qxe3 30. fxe3 Re8 31. Rhf1 Rxe5 32. Rf4 Reg5 33. Nf1 h6 34. a4 a5 35. b3 R5g6 36. Rc1 Bg4 37. Rc5 h5 38. Kf2 Be6 39. Rxa5 Rc7 40. Ra8+ Kg7 41. Ra7 Bg4 42. a5 Ra6 43. Rxa6 bxa6 44. Ke1 Rc1+ 45. Kd2 Ra1 46. Kc3 Rxa5 47. Nd2 Be2 48. Rf2 Bd3 49. Kd4 Kg6 50. Nf3 exf3 51. Kxd3 Kg5 52. Rxf3 Kg4 53. Rf6 Kxg3 54. Rg6+ Kh3 55. b4 Ra1 56. Kd4 a5 57. bxa5 Rxa5 58. Rg8 h4 59. Rg7 Kh2 60. Rg8 h3 61. Rg7 Kh1 62. Rg8 h2 63. Rg7 Ra2 64. Kxd5 Rg2 65. Rh7 Rg5+ 66. Kd6 Rg4 67. Kd5 Kg2 68. e4 Rg3 69. Rxh2+ Kxh2 70. e5 Rd3+ 71. Kc6 Re3 72. Kd6 Kg3 73. e6 Kf4 74. e7 Kf5 75. Kd7 Kf6 76. e8Q Rxe8 77. Kxe8 1/2-1/2

[Event "San Sebastian op 41st"]
[Site "San Sebastian"]
[Date "2018.03.26"]
[Round "4"]
[White "Corral Sierra, Javier"]
[Black "Franco Alonso, Alejandro"]
[Result "1-0"]
[WhiteElo "2040"]
[BlackElo "2444"]
[PlyCount "55"]
[EventDate "2018.03.24"]
[EventType "swiss"]
[EventRounds "9"]
[EventCountry "ESP"]
[SourceTitle "CBM 183 Extra"]
[Source "ChessBase"]
[SourceDate "2018.04.19"]
[SourceVersion "1"]
[SourceVersionDate "2018.04.19"]
[SourceQuality "1"]

1. e4 c5 2. b3 Nc6 3. Bb2 e5 4. Bc4 d6 5. d3 Nf6 6. Nc3 Be7 7. Nge2 0-0 8. 0-0 a6 9. a4 Rb8 10. f4 Ng4 11. Qd2 exf4 12. Nd5 b5 13. axb5 axb5 14. Nxe7+ Nxe7 15. Bd5 Nxd5 16. exd5 Ne3 17. Rxf4 Nxd5 18. Rf3 f6 19. c4 Ne7 20. Nf4 Nc6 21. Rg3 Rf7 22. Nh5 Kh8 23. Rxg7 Qf8 24. Rxf7 Qxf7 25. Bxf6+ Kg8 26. Qg5+ Qg6 27. Qd5+ Qf7 28. Qxc6 1-0

[Event "Heart of Finland op 27th"]
[Site "Jyvaskyla"]
[Date "2017.07.23"]
[Round "9"]
[White "Franco Alonso, Alejandro"]
[Black "Keinanen, Toivo"]
[Result "1-0"]
[WhiteElo "2436"]
[BlackElo "2291"]
[PlyCount "103"]
[EventDate "2017.07.17"]
[EventType "swiss"]
[EventRounds "9"]
[EventCountry "FIN"]
[SourceTitle "CBM 179 Extra"]
[Source "ChessBase"]
[SourceDate "2017.08.23"]
[SourceVersion "1"]
[SourceVersionDate "2017.08.23"]
[SourceQuality "1"]

1. d4 d5 2. c4 e6 3. Nf3 Nf6 4. g3 Bb4+ 5. Bd2 Be7 6. Bg2 0-0 7. 0-0 c6 8. Qc2 Nbd7 9. Bf4 b6 10. Rd1 Ba6 11. Ne5 Rc8 12. Nc3 Bxc4 13. Nxc4 dxc4 14. e4 b5 15. d5 cxd5 16. exd5 e5 17. d6 exf4 18. Nxb5 Rc5 19. dxe7 Qxe7 20. Nd6 fxg3 21. hxg3 Nb6 22. Rd4 Rd8 23. Rad1 Qe6 24. Bf1 c3 25. bxc3 Rd5 26. Rxd5 Nbxd5 27. Nb5 a6 28. Nc7 Qc6 29. Nxd5 Rxd5 30. Rxd5 Qxd5 31. Bxa6 g6 32. Be2 h5 33. a4 Qg5 34. Qd3 Kg7 35. Qe3 Qf5 36. Qd4 Qc2 37. Bf3 Qb2 38. Kg2 Qa2 39. Bd1 Qd5+ 40. Qxd5 Nxd5 41. Bf3 Nb6 42. a5 Nc8 43. Bb7 Na7 44. Kf3 Kf6 45. Ke4 Ke7 46. c4 Kd6 47. Bd5 f6 48. Bf7 Nc6 49. a6 Kc5 50. Bxg6 Kb6 51. Kf5 Ne5 52. Bxh5 1-0